000 00310nam a22001337a 4500
020 _a9781845692605
082 _a664 EAR/CA
100 _aEarle, Mary
100 _aEarle,Richard
245 _aCase studies in food product development
260 _aBoca Raton
_bCRC Press
_c2008
300 _a414
942 _cBK
999 _c13879
_d13879